000 00334nam a2200121Ia 4500
008 241028s9999 xx 000 0 und d
041 _aeng
082 _a658.1141 ALL
100 _aAllen
245 _aLaunching New Ventures: An Entrepreneurial Approach
260 _bCengage Learning India
_aAustralia
_c2020
300 _a380;. P. 25 cm
999 _c42963
_d42963